Welcome to the Holygrace Academy Library

Please use search bar below to get started

THE DACINCI CODE (Record no. 6776)

MARC details
000 -LEADER
fixed length control field 00604nam a22001457a 4500
020 ## - INTERNATIONAL STANDARD BOOK NUMBER
ISBN 978-0-552-16127-5
082 ## - DEWEY DECIMAL CLASSIFICATION NUMBER
Classification number 823
Item number BRO/D
100 ## - MAIN ENTRY--AUTHOR NAME
Personal name BROWN, DN
245 ## - TITLE STATEMENT
Title THE DACINCI CODE
260 ## - PUBLICATION, DISTRIBUTION, ETC. (IMPRINT)
Place of publication BRITAIN
Name of publisher TRANSWORL PUBLISHERS
Year of publication 2009
300 ## - PHYSICAL DESCRIPTION
Number of Pages 590
520 ## - SUMMARY, ETC.
Summary, etc The Da Vinci Code follows symbologist Robert Langdon and cryptologist Sophie Neveu after a murder in the Louvre Museum in Paris causes them to become involved in a battle between the Priory of Sion and Opus Dei over the possibility of Jesus Christ and Mary Magdalene having had a child together.
650 ## - SUBJECT ADDED ENTRY--TOPICAL TERM
Topical Term SHORT STORY
942 ## - ADDED ENTRY ELEMENTS (KOHA)
Koha item type Books
Holdings
Withdrawn status Lost status Collection code Home library Current library Shelving location Date acquired Source of acquisition Cost, normal purchase price Full call number Accession Number Koha item type
    Fiction Main Library Main Library NEW SHELF WITH NEW ENTRY 27/09/2023 Purchase 499.00 823 BRO/D 12923 Books